|
|
|
|
| LEADER |
00000cam a2200000 7i4500 |
| 001 |
0000068960 |
| 005 |
20161224.0 |
| 008 |
161224 |
| 020 |
|
|
|a 9831283406
|
| 090 |
0 |
0 |
|a JF
|b MOR JAW
|
| 245 |
0 |
0 |
|a Kerbau dengan buaya
|
| 260 |
|
|
|a Kuala Lumpur :
|b Penerbitan Fargoes Sd.Bhd ,
|c 2005
|
| 440 |
|
|
|a Cerita nasihat
|
| 500 |
|
|
|a Children ages 7-9 years old (orange)
|
| 650 |
|
0 |
|a Junior fiction
|x jawi
|
| 650 |
|
0 |
|a Moral
|
| 999 |
|
|
|a 0000899741
|b Book
|c Children Collection
|e Cawangan Tangkak
|
| 999 |
|
|
|a 0000899742
|b Book
|c Children Collection
|e Cawangan Tangkak
|
| 999 |
|
|
|a 0001215059
|b Book
|c Children Collection
|e Cawangan Taman Universiti
|
| 999 |
|
|
|a 0001215060
|b Book
|c Children Collection
|e Cawangan Tangkak
|
| 999 |
|
|
|a 0001215061
|b Book
|c Children Collection
|e Cawangan Bukit Gambir
|
| 999 |
|
|
|a 0001215063
|b Book
|c Children Collection
|e Cawangan Segamat
|
| 999 |
|
|
|a 0001215071
|b Book
|c Children Collection
|e Cawangan Kota Tinggi
|
| 999 |
|
|
|a 0001215072
|b Book
|c Children Collection
|e Cawangan Mersing
|